00000000cam 2200000zi 4500
0019.963354
003CaOODSP
00520260605144047
006m     o  d f      
007cr |n|||||||||
008260605t20252025onc     ob   f|0| 0 eng d
040 |aCaOODSP|beng|erda|cCaOODSP
043 |an-cn---
0861 |aBT23-2/21-2025E-PDF
24500|aDirective on official languages for people management (update).
264 1|aOttawa, Ontario : |bTreasury Board of Canada Secretariat = Secrétariat du Conseil du trésor du Canada, |c2025.
264 4|c©2025
300 |a1 online resource (22 pages)
336 |atext|btxt|2rdacontent
337 |acomputer|bc|2rdamedia
338 |aonline resource|bcr|2rdacarrier
500 |aIssued also in French under title: Directive sur les langues officielles pour la gestion des personnes (mise à jour).
500 |aThe catalogue number (BT23-2/21-2012E-PDF) and ISBN (978-0-660-09662-9) of a previous edition are printed in this edition.
500 |a"Published: 2025-06-16."
504 |aIncludes bibliographical references (pages 10-11).
61010|aCanada. |tOfficial Languages Act.
650 0|aLanguage policy|zCanada.
650 0|aBilingualism|xGovernment policy|zCanada.
650 0|aBilingualism|xGovernment employees|zCanada.
650 0|aCivil service|zCanada|xPersonnel management.
7101 |aCanada. |bTreasury Board, |eissuing body.
77508|tDirective sur les langues officielles pour la gestion des personnes (mise à jour).|w(CaOODSP)9.963359
795 |tDirective on official languages for people management |b[2012]|w(CaOODSP)9.843591
85640|qPDF|s939 KB|uhttps://publications.gc.ca/collections/collection_2026/sct-tbs/BT23-2-21-2025-eng.pdf
8564 |qHTML|sN/A|uhttps://www.tbs-sct.canada.ca/pol/doc-eng.aspx?id=26168